Normal view
MARC view
- The Sociolinguistics Of Globalization
Entry Topical Term
001 - CONTROL NUMBER
- control field: 2634
003 - CONTROL NUMBER IDENTIFIER
- control field: JO-AjAnu
005 - DATE AND TIME OF LATEST TRANSACTION
- control field: 20230606070733.0
008 - FIXED-LENGTH DATA ELEMENTS
- fixed length control field: 230606|| aca||aabn | a|a d
040 ## - CATALOGING SOURCE
- Original cataloging agency: JO-AjAnu
- Transcribing agency: JO-AjAnu
150 ## - HEADING--TOPICAL TERM
- Topical term or geographic name entry element: The Sociolinguistics Of Globalization
670 ## - SOURCE DATA FOUND
- Source citation: Work cat.: (JO-AjAnu)1376: Blommaert,Jan تأليف , author 2633, The Sociolinguistics Of Globalization